|
|
|
|
| LEADER |
02838nam a2200697 a 4500 |
| 001 |
nkc20122277758 |
| 003 |
CZ PrNK |
| 005 |
20130103081217.0 |
| 007 |
ta |
| 008 |
120202s2009 xr ac f 000 0dcze |
| 015 |
|
|
|a cnb002277758
|
| 020 |
|
|
|a 978-80-86102-64-1
|q (brož.) :
|c Kč 299,00
|
| 035 |
|
|
|a (OCoLC)791315875
|
| 040 |
|
|
|a ABA001
|b cze
|
| 041 |
0 |
|
|a cze
|a slo
|b eng
|
| 043 |
|
|
|a e-xr---
|
| 045 |
|
|
|a x4y0
|
| 072 |
|
7 |
|a 792
|x Divadlo. Divadelní představení
|2 Konspekt
|9 3
|
| 080 |
|
|
|a 792.075-055.2
|2 MRF
|
| 080 |
|
|
|a 792.027.2
|2 MRF
|
| 080 |
|
|
|a 792.027
|2 MRF
|
| 080 |
|
|
|a 792.2/.8
|2 MRF
|
| 080 |
|
|
|a (437.3)
|2 MRF
|
| 080 |
|
|
|a (048.8:082)
|2 MRF
|
| 100 |
1 |
|
|a Fojtíková, Kateřina,
|d 1977-
|7 jo20010087013
|4 aut
|
| 245 |
1 |
0 |
|a Eva Tálská, aneb, Se mnou smrt a kůň /
|c Kateřina Fojtíková, Barbara Vrbová, Petr Oslzlý a kol. ; editor Jan Dvořák ; [fotografie Juraj Bartoš ... et al.]
|
| 246 |
1 |
|
|i Obálkový a hřbetní název:
|a Eva Tálská
|
| 246 |
3 |
0 |
|a Se mnou smrt a kůň
|
| 250 |
|
|
|a 1. vyd.
|
| 260 |
|
|
|a Praha :
|b Pražská scéna,
|c 2009
|
| 300 |
|
|
|a 379 s. :
|b il., portréty ;
|c 21 cm
|
| 490 |
1 |
|
|a Režie ;
|v sv. 12
|
| 500 |
|
|
|a Popsáno podle dotisku 2011
|
| 500 |
|
|
|a 600 výt.
|
| 504 |
|
|
|a Obsahuje bibliografie a bibliografické odkazy
|
| 546 |
|
|
|a Část. slovenský text, anglické resumé
|
| 600 |
1 |
7 |
|a Tálská, Eva,
|d 1944-2020
|7 ola200200920
|2 czenas
|
| 648 |
|
7 |
|a 20.-21. století
|7 ch462155
|2 czenas
|
| 648 |
|
7 |
|a 1961-2010
|7 ch460596
|2 czenas
|
| 648 |
|
4 |
|a 1968-2008
|
| 650 |
0 |
7 |
|a divadelní režisérky
|7 ph338504
|z Česko
|y 20.-21. století
|2 czenas
|
| 650 |
0 |
7 |
|a divadelní režie
|7 ph119506
|z Česko
|y 20.-21. století
|2 czenas
|
| 650 |
0 |
7 |
|a divadelní dramaturgie
|7 ph119496
|z Česko
|y 20.-21. století
|2 czenas
|
| 650 |
0 |
7 |
|a divadelní inscenace
|7 ph114330
|z Česko
|y 1961-2010
|2 czenas
|
| 650 |
0 |
9 |
|a women theater directors
|z Czechia
|y 20th-21st centuries
|2 eczenas
|
| 650 |
0 |
9 |
|a theater direction
|z Czechia
|y 20th-21st centuries
|2 eczenas
|
| 650 |
0 |
9 |
|a dramaturgy
|z Czechia
|y 20th-21st centuries
|2 eczenas
|
| 650 |
0 |
9 |
|a theatrical productions
|z Czechia
|y 1961-2010
|2 eczenas
|
| 655 |
|
7 |
|a kolektivní monografie
|7 fd501537
|2 czenas
|
| 655 |
|
9 |
|a collective monographs
|2 eczenas
|
| 700 |
1 |
|
|a Gregorová, Barbara,
|d 1980-
|7 xx0110629
|4 aut
|
| 700 |
1 |
|
|a Oslzlý, Petr,
|d 1945-
|7 jk01091285
|4 aut
|
| 700 |
1 |
|
|a Dvořák, Jan,
|d 1951-
|7 jn20000400585
|4 edt
|
| 700 |
1 |
|
|a Bartoš, Juraj,
|d 1944-
|7 ola2002146882
|4 pht
|
| 830 |
|
0 |
|a Režie
|0 s
|
| 856 |
4 |
1 |
|u http://www.digitalniknihovna.cz/mzk/uuid/uuid:0571d2b0-4b19-11e6-ab2f-005056827e52
|y Digitalizovaný dokument
|x NDK
|
| 910 |
2 |
|
|a BOA001
|b 2-1278.767
|
| 990 |
|
|
|a BK
|
| 995 |
|
|
|a 01
|
| 991 |
|
|
|b 201202
|e n
|
| 996 |
6 |
|
|b 2610501686
|c 2-1278.767
|l MZK
|r Sklad / do 1 hodiny
|n 13
|p p.v.
|w 001226793
|u 000010
|a 1
|e BOA001
|j MZK50
|s P
|